000 00736nam a2200277Ia 4500
003 OSt
005 20220918165559.0
006 a|||||r|||| 00| 0
007 ta
008 220917b |||||||| |||| 00| 0 eng d
020 _a8170001714 (hbk)
024 _a31,083
037 _cTextual
040 _aARTS
_cARTS
_beng
041 _2eng
_aeng
082 _a20aY, M7;N4 (2D)
100 _aKhanna J K
110 _aLibrary And Society
_924861
245 0 _aLibrary and society
260 _aNew Delhi
_bEss Ess Pub
_c1994
300 _axxiv,496p.
_ccm.
650 _aLIBRARY SCIENCE
700 _aLibrary And Society
_924862
942 _h20aY, M7;N4 (2D)
_cTEXL
_2CC
999 _c130436
_d130436